Will hunting NSA monologue - Statistics

General Stats
  • This quiz has been taken 10 times
    9 since last reset
  • The average score is 187 of 488
Answer Stats
Answer % Correct
a
100%
A
100%
so
100%
So
100%
the
100%
you
100%
do
80%
i
80%
I
80%
is
80%
some
80%
to
80%
where
80%
why
80%
Why
80%
an
60%
are
60%
at
60%
can
60%
even
60%
for
60%
fuck
60%
had
60%
have
60%
he
60%
in
60%
it
60%
it.
60%
It
60%
it,
60%
job
60%
job,
60%
my
60%
no
60%
not
60%
N.S.A.?
60%
N.S.A.
60%
should
60%
that
60%
there,
60%
there
60%
think
60%
think?
60%
we
60%
what
60%
when
60%
who
60%
work
60%
agency
40%
all
40%
and
40%
And
40%
And,
40%
ass.
40%
ass
40%
but
40%
But
40%
can't
40%
could
40%
did
40%
fuckin'
40%
get
40%
government
40%
happy
40%
him
40%
his
40%
I'm
40%
long
40%
myself,
40%
of
40%
on
40%
one,
40%
only
40%
out
40%
people
40%
place
40%
Say
40%
shit.
40%
shouldn't
40%
somethin'
40%
something
40%
their
40%
they
40%
too
40%
walk
40%
well.
40%
were
40%
with
40%
with,
40%
working
40%
would
40%
you're
40%
afford
20%
back
20%
back,
20%
be
20%
better.
20%
bomb
20%
break.
20%
break
20%
buddy
20%
buddy,
20%
called,
20%
cause
20%
code
20%
come
20%
comes
20%
course,
20%
day
20%
desk,
20%
don't
20%
drink
20%
drive,
20%
East.
20%
eat,
20%
else
20%
enemy,
20%
every
20%
find
20%
first
20%
from
20%
from.
20%
gettin'
20%
give
20%
givin'
20%
good
20%
got
20%
guy
20%
guys
20%
he'll
20%
helping
20%
he's
20%
hiding
20%
hundred
20%
I'll
20%
intelligence
20%
Just
20%
just
20%
kid
20%
killed.
20%
life
20%
like
20%
likes
20%
Maybe
20%
maybe
20%
met,
20%
Middle
20%
national
20%
National
20%
never
20%
nobody
20%
North
20%
Now
20%
now
20%
number
20%
oh
20%
oil
20%
old
20%
Once
20%
or
20%
over
20%
president.
20%
problem
20%
put
20%
puts
20%
real
20%
reason
20%
sayin',
20%
security
20%
seven
20%
shoot
20%
shot.
20%
shot
20%
Somebody
20%
State.
20%
take
20%
takin'
20%
That's
20%
them
20%
them,
20%
they're
20%
time
20%
times
20%
took
20%
tries
20%
up
20%
us
20%
used
20%
village
20%
village,
20%
was
20%
wasn't
20%
which
20%
while
20%
won't
20%
80%
0%
Africa
0%
ain't
0%
alcoholic
0%
ancillary
0%
army...
0%
Atlantic.
0%
Atlantic
0%
baby
0%
bathroom
0%
benefit
0%
bite
0%
blue
0%
breaking
0%
breaks.
0%
bringin'
0%
buddy's
0%
cents
0%
chronic
0%
CIA
0%
club
0%
companies
0%
country
0%
cute
0%
domestic
0%
elected
0%
exported
0%
fifteen
0%
figure
0%
gallon.
0%
gas
0%
Guard.
0%
Guard?
0%
handle
0%
hash
0%
hemorrhoids.
0%
hike
0%
hiring
0%
hit
0%
hits
0%
holdin'
0%
icebergs,
0%
install
0%
interviews,
0%
It'll
0%
join
0%
kills
0%
liberty
0%
little
0%
location
0%
location,
0%
martinis
0%
Meanwhile,
0%
meanwhile
0%
Oh, send in the Marines to secure the area
0%
pipe
0%
plant
0%
plate
0%
play
0%
politicians
0%
price.
0%
prices.
0%
prices,
0%
pullin'
0%
Quaker
0%
realizes
0%
rebel
0%
rebels
0%
scare
0%
scrod
0%
sea
0%
seal,
0%
sell
0%
servin'
0%
shrapnel
0%
size
0%
skipper
0%
skirmish
0%
slalom
0%
Southie
0%
special
0%
spills
0%
starvin',
0%
sucks
0%
sweet
0%
sworn
0%
'til
0%
tough
0%
tour
0%
two-fifty
0%
workload
0%
No matching quizzes found
Score Distribution
Percent of People with Each Score
Percentile by Number Answered
Your Score History
You have not taken this quiz since the last reset